| 000 | 01773nam a22003135a 4500 | ||
|---|---|---|---|
| 003 | OSt | ||
| 005 | 20170228115911.0 | ||
| 008 | 170206s2014 it a frb 001 0 ara d | ||
| 020 | _a8208644988 | ||
| 040 |
_aEG-ScBUE _bara _cEG-ScBUE |
||
| 041 | 1 |
_aara _heng _hfre |
|
| 082 | 0 | 4 |
_a340.92 _bم ب ا _222 |
| 110 | 2 | _aالمعهد الدولي لتوحيد القانون الخاص (يونيدروا) | |
| 245 | 1 | 2 |
_aالمبادئ المتعلقة بالعقود التجارية الدولية / _cالمعهد الدولي لتوحيد القانون الخاص ؛ الترجمة العربية والإعداد أمية علوان، محي الدين إسماعيل علم الدين، محمد حسام محمود لطفي. |
| 250 | _aط. 2. | ||
| 260 |
_aروما : _bالمعهد الدولي لتوحيد القانون الخاص (يونيدروا) ؛ _aالقاهرة : _bدار النهضة العربية، _c2014. |
||
| 300 |
_a567 ص. ؛ _bإيض. : _c24 سم. |
||
| 500 | _aالترجمة العربية لعام 2014 لصيغة "يونيدروا" باللغتين الإنجليزية 2010 والفرنسية 2011. | ||
| 504 | _aيشتمل على إرجاعات ببليوجرافية وكشافات. | ||
| 546 | _aترجم من اللغة الإنجليزية والفرنسية. | ||
| 650 | 7 |
_aالعقود التجارية (قانون دولي) _2BUEsh |
|
| 650 | 7 |
_aالقانون الدولي الاقتصادي. _2BUEsh _941054 |
|
| 651 | _2BUEsh | ||
| 653 |
_bLLAAWW _cFebruary2017 |
||
| 700 | 1 |
_aعلوان، أمية، _eمترجم، _eمعد. |
|
| 700 | 1 |
_aلطفي، محمد حسام محمود، _eمترجم، _eمعد. _920399 |
|
| 700 | 1 |
_aعلم الدين، محي الدين إسماعيل، _eمترجم، _eمعد. |
|
| 942 | _2ddc | ||
| 999 |
_c24072 _d24044 |
||